Manual Tecnico Operativo de Presupuestos : (Record no. 3308)

000 -CABECERA
fixed length control field 01129nam a22002057a 4500
003 - IDENTIFICADOR DEL NÚMERO DE CONTROL
control field AR-CdUCM
008 - DATOS DE LONGITUD FIJA--INFORMACIÓN GENERAL
fixed length control field 190306b ||||| |||| 00| 0 spa d
040 ## - FUENTE DE LA CATALOGACIÓN
Agencia/entidad que catalogó originalmente la obra MUNICIPALIDAD PROVINCIAL DEL CUSCO
Entidad que transcribió la catalogación BIBLIOTECA MUNICIPAL DEL CUSCO
082 ## - NÚMERO DE LA CLASIFICACIÓN DECIMAL DEWEY
No. de Clasificación 336.985 /
Notacion interna A45
100 ## - ENTRADA PRINCIPAL--NOMBRE DE PERSONA
Nombre Personal Alvarado Mariena, Jose
245 ## - MENCIÓN DE TÍTULO
Título Manual Tecnico Operativo de Presupuestos :
Resto del título Programacion y Formacion del Presupuesto 2001 /
260 ## - PUBLICACIÓN, DISTRIBUCIÓN, ETC.
Lugar de publicación, distribución, etc. Lima :
Nombre de la editorial, distribuidor, etc. Centro Interamericano de Asesoria Tecnica,
Fecha de publicación, distribución, etc. 2001.
300 ## - DESCRIPCIÓN FÍSICA
Nº de Páginas Extensión 373 páginas ;
Dimensiones 20.5 cm.
505 ## - NOTA DE CONTENIDO CON FORMATO
Nota de contenido formateada Contenido : Planeamiento Estratégico -- Programacion y Formulacion de los Presupuestos Institucionales de Sector Publico Año Fiscal 2001 -- Programacion, Formulacion y Aprovacion de los Preuspuestos Institucionales de los Gobiernos Locales para el Año Fiscal 2001 --Programacion de los Presupuestos de las Entidades Reguladoras, Supervisoras y de los Servicios, Fondos y Empresas Municipales para el Año Fiscal 2001...
650 ## - PUNTO DE ACCESO ADICIONAL DE MATERIA--TÉRMINO DE MATERIA
Descriptor Contabilidad
9 (RLIN) 10543
650 ## - PUNTO DE ACCESO ADICIONAL DE MATERIA--TÉRMINO DE MATERIA
Descriptor Formulacion Presupuestal
9 (RLIN) 10997
650 ## - PUNTO DE ACCESO ADICIONAL DE MATERIA--TÉRMINO DE MATERIA
Descriptor Planeamiento Estrategico
9 (RLIN) 10998
942 ## - ELEMENTOS DE PUNTO DE ACCESO ADICIONAL (KOHA)
Fuente de clasificación
Tipo de item Libros-BMC
945 ## - PROCESAMIENTO DE INFORMACIÓN LOCAL (OCLC)
Catalogador rtm
Holdings
Estado de retiro (separado) Fuente de clasificación o esquema de estanterías Estado dañado Ubicación Sala donde se ubica Nombre de la colección Fecha de adquisición o compra Costo, precio normal en soles Signatura topográfica Código de Barras Última vez visto (Koha) Tipo de ítem (Koha)
No     Sala Humanidades Sala Humanidades Book Cart 2019-03-06 50.00 336.985 / A45 SH0000003780 2019-03-06 Libros-BMC

Powered by Koha